| 000 | 00494nam a2200181Ia 4500 | ||
|---|---|---|---|
| 001 | 19044 | ||
| 005 | 20260306171715.0 | ||
| 008 | 260306s9999||||xx |||||||||||||| ||und|| | ||
| 041 | _aESP | ||
| 082 |
_a658.8 _bB81 |
||
| 100 |
_aBraidot, Néstor _eAUT |
||
| 245 | 0 |
_aNeuromarketing en acción: _b¿por qué tus clientes te engañan con otros si dicen que gustan de ti? |
|
| 260 | _c2013 | ||
| 300 |
_a229 páginas : _c22 cm. |
||
| 650 | _aGEN | ||
| 654 | _aCAN | ||
| 942 |
_cLIB _dJUS _fJUS _2ddc _n |
||
| 999 |
_c19044 _d19044 |
||